000 00319nam a2200121Ia 4500
005 20251222144724.0
008 251222s9999||||xx |||||||||||||| ||spa||
082 _a001.42/V35
100 _aVelazquez Fernández, Angel
245 0 _aMetodología de la Investigación Científica
264 _bSan Marcos
942 _cLIB
999 _c18319
_d18319